[Event "It (open)"]
[Site "masterchessopen.com Imperia (Italy)"]
[Date "2003.09.06"]
[Round "8"]
[White "Krouzel Jaroslav (CZE)"]
[Black "De Vita Igor (ITA)"]
[Result "0-1"]
[WhiteElo "2117"]
[BlackElo "2164"]

1.d4 d5 2.Nf3 Nf6 3.e3 c6 4.c4 Bf5 5.cxd5 cxd5 6.Qb3 Qc7 7.Nc3 e6 8.Bd2 Nc6
9.Be2 Rc8 10.O-O Be7 11.Rac1 O-O 12.h3 h6 13.Rfd1 Qb8 14.Be1 Na5 15.Qb5 Nc4
16.Bxc4 Rxc4 17.a3 Bd6 18.Nxd5 exd5 19.Rxc4 Bd7 {#R} 0-1

[Event "Ch France (team) (2) 2003/04"]
[Site "masterchessopen.com France"]
[Date "2003.12.07"]
[Round "4"]
[White "Grenouilloux Alain (FRA)"]
[Black "Pucher Olivier (FRA)"]
[Result "0-1"]
[WhiteElo "2116"]
[BlackElo "2303"]

1.d4 d5 2.c4 c6 3.Nf3 Nf6 4.e3 Bf5 5.Nc3 e6 6.Qb3 Qb6 7.c5 Qc7 8.Bd2 Nbd7
9.Qa4 e5 10.b4 Be7 11.Nh4 Be6 12.g3 Ne4 13.Ng2 Nxd2 14.Kxd2 Bf6 15.Ne2 Bg4
16.Re1 O-O 17.dxe5 b5 18.Qc2 Nxe5 19.Nd4 a5 20.a3 axb4 21.axb4 Bf3 22.Rg1 Ra4
23.Rb1 Be4 24.Qb2 Nf3+ {#R} 0-1

[Event "Ch Russia (juniors) (under 12) (g)"]
[Site "masterchessopen.com Dagomys (Russia)"]
[Round "9"]
[White "Ponomarenko Natalia (RUS)"]
[Black "Mukhina Marina (RUS)"]
[Result "1-0"]
[WhiteElo "1961"]
[BlackElo "1818"]

1.Nf3 Nf6 2.d4 d5 3.c4 c6 4.e3 Bf5 5.Qb3 Qb6 6.Qxb6 axb6 7.cxd5 Nxd5 8.Nbd2
Nb4 9.Kd1 Bc2+ 10.Ke1 Rxa2 11.Rxa2 Nxa2 12.Nc4 e6 13.Bd2 b5 14.Nce5 b4 15.Bd3
b3 16.Ke2 f6 17.Bxc2 bxc2 18.Nd3 Na6 19.Ra1 N2b4 20.Nxb4 c1=Q 21.Rxc1 Nxb4
22.Bxb4 Bxb4 23.Ra1 O-O 24.Ra7 Rb8 25.Nd2 c5 {#r} 1-0

[Event "Ch Russia (juniors) (under 16)"]
[Site "masterchessopen.com Dagomys (Russia)"]
[Round "0"]
[White "Makhianov Vadim (RUS)"]
[Black "Reshetnikov Alexey (RUS)"]
[Result "0-1"]
[WhiteElo "2201"]
[BlackElo "2293"]

1.d4 d5 2.c4 c6 3.e3 Nf6 4.Nf3 Bf5 5.Qb3 Qb6 6.Qxb6 axb6 7.Nc3 e6 8.Nh4 Bc2
9.Kd2 Bb3 10.cxd5 exd5 11.Bd3 Bb4 12.a3 g6 13.Rb1 Ba5 14.f3 O-O 15.Be2 {#R}
0-1

[Event "Bundesliga 2003/04"]
[Site "masterchessopen.com Germany"]
[Date "2004.04.25"]
[Round "15"]
[White "Baburin Alexander (IRL)"]
[Black "Gurevich Mikhail (TUR)"]
[Result "0-1"]
[WhiteElo "2527"]
[BlackElo "2644"]

{ Baburin Alexander (IRL) +2 =5 -1 } 1.d4 { 1 } 1...d5 2.c4 c6 3.Nf3 Nf6 4.e3
Bf5 5.Nc3 ( 5.cxd5 cxd5 6.Qb3 Qc7 7.Bd2 Nc6 8.Be2 e6 9.O-O Bd6 10.Nc3 a6
11.Rfc1 O-O 12.Na4 Ne4 13.Be1 Bg4 14.h3 Bxf3 15.Bxf3 f5 16.Nc5 Bxc5 17.dxc5
Ng5 18.Be2 f4 19.exf4 Qxf4 20.Qe3 Qf6 21.Bg4 Rae8 22.Rd1 Qg6 23.Qe2 Re7
24.Rac1 Ne4 { ...1/2-1/2, Baburin Alexander 2590 - Damljanovic Branko 2559 ,
Istanbul 2000 Olympiad } ) 5...e6 6.Nh4 Bg6 7.Qb3 { ?/= } 7...Qc7 8.Nxg6 (
8.h3 Bh5 9.g4 Bg6 10.Nxg6 hxg6 11.Bg2 Nbd7 12.Bd2 Nb6 13.cxd5 exd5 14.O-O-O
O-O-O 15.Kb1 Kb8 16.Bc1 Re8 17.f3 Qg3 18.Rhg1 Qd6 19.e4 Qb4 20.e5 Qxb3 21.axb3
Nfd7 22.f4 Na8 23.Rgf1 f5 24.g5 Nc7 25.Rh1 Rh4 26.Be3 Ne6 27.Ne2 Be7 { ...1-0,
Guimard Carlos E 2325 - Bisguier Arthur B 2284 , New York 1951 It } ) 8...hxg6
9.h3 Nbd7 10.Bd2 Nb6 ( 10...Be7 11.Rc1 Qb6 12.Qc2 O-O 13.Be2 dxc4 14.Bxc4 c5
15.dxc5 Nxc5 16.O-O Rfd8 17.Rfd1 Rac8 18.a3 Ne8 19.b4 Nd7 20.Qb3 Ne5 21.Na4
Qc6 22.Be2 Qd5 23.Qxd5 exd5 24.Rxc8 Rxc8 25.Nc3 Nf6 26.Be1 Nc4 27.Nxd5 Nxd5
28.Bxc4 Nxe3 29.Bxf7+ Kxf7 30.fxe3 { ...1/2-1/2, Bareev Evgeny 2719 - Burmakin
Vladimir 2586 , Tomsk 2001 Ch Russia (club) } ) 11.cxd5 { } ( 11.Rc1 Be7 12.c5
Nbd7 13.Qc2 e5 14.b4 a6 15.Be2 g5 16.g3 Nf8 17.Bf3 Ne6 18.Ne2 e4 19.Bg2 Nd7
20.g4 Ndf8 21.f3 exf3 22.Bxf3 Ng6 23.Bg2 Nh4 24.O-O Bd8 25.Bh1 Qd7 26.e4 dxe4
27.Qxe4 Bf6 28.d5 cxd5 29.Qxd5 Qxd5 30.Bxd5 Rd8 { ...0-1, Polak Tomas 2490 -
Burmakin Vladimir 2596 , Pardubice 2003 It (open) } ) 11...exd5 12.Bd3 Be7 { N
} ( 12...Bd6 13.O-O-O O-O-O 14.Kb1 Kb8 15.a4 Nc8 16.f3 Qb6 17.Qxb6 axb6 18.e4
dxe4 19.fxe4 Bb4 20.e5 Nd5 21.Nxd5 Bxd2 22.Rxd2 Rxd5 23.Bc4 Rd7 24.Rf1 Rf8
25.e6 Re7 26.Rxf7 Rexf7 27.exf7 Nd6 28.Bb3 Kc7 29.Re2 Kd7 30.Re6 g5 31.Rg6
Nxf7 32.Rxg7 { ...1-0, Miltner Arndt 2410 - Walter Guenter 2111 , Gladenbach
1997 Ch Germany } ) 13.O-O-O a5 14.Kb1 a4 15.Qc2 Nc4 16.Bxc4 dxc4 17.Nxa4 { ?!
} ( 17.a3 { !? } 17...O-O 18.e4 b5 19.e5 { } ) 17...O-O 18.Nc3 b5 19.Ne2 Ra6 {
?! } ( 19...Qa7 { !? } 20.Nc1 Qa6 21.Be1 b4 { } ) 20.Nc1 Rfa8 { ?! } ( 20...c5
{ !? } 21.d5 Nxd5 22.h4 Rd8 { } ) 21.e4 Qa7 22.Be3 { ? } ( 22.Rhe1 Qxd4 23.e5
Nd5 24.e6 { } ) 22...Rxa2 { ! } ( 22...Bb4 23.f3 c3 24.bxc3 Ba3 { } ) 23.Nxa2
Qxa2+ 24.Kc1 c3 { ? } ( { ? } 24...Nxe4 25.Qxe4 c3 26.Kc2 Qxb2+ { } ) 25.bxc3
{ ?? } ( { ? } 25.Qxc3 Nxe4 26.Qxc6 Nd6 27.Kd2 { } ) 25...Qc4 26.Qd3 Qxd3 { }
{#R} 0-1

[Event "Ch Europe (juniors) (under 18)"]
[Site "masterchessopen.com Urgup (Turkey)"]
[Date "2004.07.29"]
[Round "1"]
[White "Sulashvili Malkhaz (GEO)"]
[Black "Ceylan Omer Faruk (TUR)"]
[Result "1-0"]
[WhiteElo "2326"]
[BlackElo "1968"]

1.d4 d5 2.c4 c6 3.Nf3 Nf6 4.e3 Bf5 5.Nc3 e6 6.Nh4 Bg4 7.Qb3 Qb6 8.h3 Qxb3
9.axb3 Bh5 10.g4 Bg6 11.Nxg6 hxg6 12.Bg2 a5 13.g5 Nfd7 14.Bd2 Bb4 15.e4 e5
16.exd5 exd4 17.dxc6 Nxc6 18.Nb5 O-O {#r} 1-0

[Event "Ch Poland (team) (2nd liga)"]
[Site "masterchessopen.com Polanica Zdroj (Poland)"]
[Date "2004.09.05"]
[Round "2"]
[White "Krainski Aleksander (POL)"]
[Black "Stoma Pawel (POL)"]
[Result "1-0"]
[WhiteElo "2281"]
[BlackElo "2301"]

1.d4 d5 2.Nf3 Nf6 3.e3 c6 4.c4 Bf5 5.Nc3 a6 6.cxd5 cxd5 7.Qb3 Ra7 8.Ne5 e6
9.Bd2 Nfd7 10.Qa4 f6 11.g4 fxe5 12.gxf5 exd4 13.fxe6 dxc3 14.Bxc3 Nc6 15.exd7+
Qxd7 16.Rd1 Bc5 17.Bg2 b5 18.Qh4 Ne7 19.Qh5+ g6 20.Qe5 Rf8 21.Rxd5 Rf5 22.Qb8+
Kf7 {#r} 1-0

[Event "It (open)"]
[Site "masterchessopen.com Omis (Croatia)"]
[Date "2004.10.08"]
[Round "3"]
[White "Jovanic Ognjen (CRO)"]
[Black "Nikolov Sasho (BUL)"]
[Result "1-0"]
[WhiteElo "2475"]
[BlackElo "2421"]

1.d4 d5 2.c4 c6 3.Nf3 Nf6 4.e3 Bf5 5.Nc3 e6 6.Nh4 Bg4 7.Qb3 Qb6 8.h3 Bh5 9.g4
Bg6 10.Nxg6 hxg6 11.g5 Ng8 12.c5 Qc7 13.e4 Ne7 14.Bf4 Qxf4 15.Qxb7 dxe4 16.Ne2
Qf3 17.Rg1 Na6 18.Qxa8+ Kd7 19.Qxa7+ Nc7 20.Rg3 Qf5 21.Nc3 Nc8 22.Qb7 Rh4
23.Na4 Rf4 24.Ba6 {#r} 1-0

[Event "It (open)"]
[Site "masterchessopen.com Montigny (France)"]
[Date "2004.11.01"]
[Round "9"]
[White "Keraval Roignant Claude (FRA)"]
[Black "Grandjean Anthony (FRA)"]
[Result "0-1"]
[WhiteElo "1673"]
[BlackElo "1670"]

1.d4 d5 2.Nf3 Nf6 3.e3 c6 4.c4 Bf5 5.cxd5 cxd5 6.Nc3 e6 7.Bd3 Bxd3 8.Qxd3 Nbd7
9.O-O Be7 10.e4 dxe4 11.Nxe4 Nxe4 12.Qxe4 b6 13.Qg4 Bf6 14.Re1 Nf8 15.Bg5 Bxg5
16.Nxg5 h5 17.Qf4 Qf6 18.Qe4 Rd8 19.Qc6+ Rd7 20.Ne4 Qxd4 21.Qc8+ Rd8 22.Qc6+
Qd7 23.Qc2 Qd3 24.Qa4+ Qd7 25.Red1 Qxa4 {#R} 0-1

[Event "Ch Slovakia (team) 2004/05 (1 liga) West"]
[Site "masterchessopen.com Slovakia"]
[Round "7"]
[White "Bojda Lubomir (SVK)"]
[Black "Palka Miroslav (SVK)"]
[Result "1-0"]
[WhiteElo "2133"]
[BlackElo "2046"]

1.d4 d5 2.Nf3 Nf6 3.c4 c6 4.e3 Bf5 5.cxd5 cxd5 6.Qb3 Qb6 7.Qxb6 axb6 8.Nc3 Nc6
9.Bb5 e6 10.Ne5 Rc8 11.Na4 Bb4+ 12.Bd2 O-O 13.Bxc6 Bxd2+ 14.Kxd2 bxc6 15.f3 c5
16.Nxb6 Rb8 17.dxc5 {#r} 1-0

[Event "Ch Giessen"]
[Site "masterchessopen.com Giessen (Germany)"]
[Date "2005.03.04"]
[Round "3"]
[White "Ruecker Benjamin (GER)"]
[Black "Willems Matthias Prof Dr (GER)"]
[Result "1-0"]
[WhiteElo "2229"]
[BlackElo "2095"]

1.d4 d5 2.c4 c6 3.Nf3 Nf6 4.e3 Bf5 5.cxd5 cxd5 6.Qb3 Qc7 7.Bd2 e6 8.Na3 a6
9.Rc1 Nc6 10.Ne5 Bd6 11.Qa4 Bxe5 12.dxe5 Nd7 13.Nb5 Qxe5 14.Qa3 Kd8 15.Nd6 Qf6
16.Nxb7+ Kc7 17.Qd6+ Kxb7 18.Qxc6+ {#r} 1-0

[Event "Cup Doeberl (b)"]
[Site "masterchessopen.com Canberra (Australia)"]
[Date "2005.03.25"]
[Round "2"]
[White "De Noskowski Adrian (AUS)"]
[Black "Yu Derek (AUS)"]
[Result "1-0"]
[WhiteElo "1913"]
[BlackElo "2001"]

1.d4 d5 2.c4 c6 3.Nf3 Nf6 4.e3 Bf5 5.Nc3 e6 6.Nh4 Bg6 7.Nxg6 hxg6 8.Be2 Bd6
9.h3 Nbd7 10.Qb3 b6 11.Bd2 Qc7 12.Rc1 Rb8 13.cxd5 exd5 14.Bf3 Qb7 15.O-O g5
16.Rfe1 Nf8 17.e4 dxe4 18.Nxe4 Nxe4 19.Bxe4 Kd8 20.Bxc6 {#r} 1-0

[Event "Ch Germany (blitz) (Gr. B)"]
[Site "masterchessopen.com Internet"]
[Date "2005.04.03"]
[Round "2"]
[White "Fridman Daniel (GER)"]
[Black "Haba Petr (CZE)"]
[Result "1-0"]
[WhiteElo "2564"]
[BlackElo "2522"]

{ Fridman Daniel (LAT) +2 =1 -0 Haba Petr (CZE) +1 =2 -1 } 1.d4 d5 2.Nf3 Nf6
3.c4 c6 4.e3 Bf5 5.Nc3 e6 6.Nh4 ( 6.Bd3 Bg6 7.O-O Bd6 8.Qc2 Nbd7 9.Bxg6 hxg6
10.e4 dxe4 11.Nxe4 Nxe4 12.Qxe4 c5 13.h3 Qc7 14.Rd1 Nf6 15.Qc2 O-O 16.Bg5 a6
17.Rac1 Rac8 18.Qe2 cxd4 19.Rxd4 Rfd8 20.b3 Ba3 21.Rcd1 Rxd4 22.Rxd4 Rd8
23.Qd3 Be7 24.Bf4 Rxd4 25.Qxd4 Qc5 { ...1-0, Fridman Daniel 2578 - Green Golan
2198 , Internet 17. 3.2003 Dos Hermanas Qualifier (17-A) } ) 6...Be4 ( 6...Bg4
7.Qb3 Qb6 8.h3 Bh5 9.g4 Bg6 10.Nxg6 hxg6 11.Bg2 Nbd7 12.Bd2 Be7 13.g5 Nh5
14.h4 Qxb3 15.axb3 f5 16.cxd5 exd5 17.Ne2 a6 18.f4 Bd6 19.Kf2 Nf8 20.Nc1 Ne6
21.Nd3 Kd7 22.Bf3 Nc7 23.Bb4 Bxb4 24.Nxb4 Rae8 25.Nd3 Kc8 26.Ne5 { ...1-0,
Berezjuk Sergej 2448 - Haba Petr 2516 , Ostrava 2002 Ch Czech Republic } )
7.f3 Bg6 8.Qb3 { ?/= } 8...Qc7 ( 8...Qb6 9.Nxg6 hxg6 10.Bd2 Nbd7 11.O-O-O Qxb3
12.axb3 Bd6 13.h3 Nh5 14.Bd3 Ng3 15.Rhe1 O-O-O 16.cxd5 exd5 17.e4 dxe4 18.fxe4
f6 19.Re3 Nh5 20.Rf3 g5 21.e5 fxe5 22.Bxg5 Nhf6 23.Bf5 Kc7 24.Ne4 Be7 25.dxe5
Nxe5 26.Bf4 Rxd1+ 27.Kxd1 Rd8+ 28.Kc2 { ...1/2-1/2, Kramnik Vladimir 2809 -
Shirov Alexei 2706 , Astana 2001 It (cat.20) } ) 9.g3 Nbd7 10.Bd2 ( 10.cxd5
exd5 11.e4 dxe4 12.Nxg6 hxg6 13.fxe4 Bd6 14.e5 Nxe5 15.dxe5 Bxe5 16.Bd2 Bxg3+
17.Kd1 O-O-O 18.Kc2 Bf4 19.Bxf4 Qxf4 20.Qxf7 Rd2+ 21.Kb3 Qf2 22.Rb1 Qb6+
23.Ka3 a5 24.b4 Qe3 25.Qb3 Rh4 26.Bc4 Qa7 27.Na4 b5 28.Be6+ Kb7 29.Qc3 axb4+ {
...0-1, Onischuk Alexander 2658 - Volkov Sergey Viktorovich 2624 , Moscow 2002
It (open) "Aeroflot" } ) ( 10.Kf2 a5 11.cxd5 exd5 12.Bd2 Bb4 13.a3 Bd6 14.Rc1
Qb8 15.Nxg6 hxg6 16.Kg2 O-O 17.Bd3 Qa7 18.Rhd1 Rfe8 19.Re1 b5 20.a4 b4 21.Ne2
Rac8 22.Qd1 c5 23.Bb5 Rc7 24.dxc5 Bxc5 25.Nd4 Rec8 26.Nb3 Bb6 27.Re2 Ne5
28.Rxc7 Rxc7 29.Bc1 Qb8 { ...0-1, Vera Reynaldo 2549 - Shirov Alexei 2723 ,
Benidorm 2002 It (cat.13) (active) } ) 10...Bd6 ( 10...Be7 11.Rc1 Nb6 12.c5
Nbd7 13.Nxg6 hxg6 14.Qc2 e5 15.Kf2 g5 16.Be2 g6 17.b4 Kf8 18.Kg2 Kg7 19.Nd1 e4
20.Nf2 exf3+ 21.Bxf3 g4 22.Nxg4 Nxg4 23.Bxg4 f5 24.Bf3 Nf6 25.a4 Qd7 26.b5 g5
27.Rcf1 Raf8 28.h3 g4 29.hxg4 fxg4 30.Be2 { ...1/2-1/2, Karpov Anatoly 2692 -
Zhang Pengxiang 2530 , Moscow 2001 Ch World FIDE (KO-system) } ) ( 10...Nb6
11.Nxg6 hxg6 12.cxd5 exd5 13.O-O-O { 1/2-1/2, Malaniuk Vladimir P 2635 -
Gurevich Mikhail 2605 , Groningen 1993 Ch World (qual) (PCA) } ) 11.Rc1 (
11.cxd5 exd5 12.O-O-O b5 13.Nxg6 hxg6 14.Bd3 Qb6 15.g4 a5 16.Qc2 Kd8 17.g5 Ne8
18.Kb1 a4 19.Rc1 Nc7 20.Ne2 c5 21.dxc5 Bxc5 22.Nd4 Ra7 23.Bb4 Bxd4 24.exd4
Qxd4 25.Ba5 Qf4 26.Qc3 d4 27.Qb4 Rxh2 28.Rhe1 Rh8 29.Bxb5 Qf5+ 30.Ka1 Qd5 {
...1-0, Chatalbashev Boris 2490 - Stefanova Antoaneta 2365 , Cannes 1996 It
(open) } ) 11...a6 12.c5 { N } ( 12.Nxg6 hxg6 13.f4 g5 14.cxd5 exd5 15.fxg5
Bxg3+ 16.Ke2 Ne4 17.Nxd5 Qd8 18.Bg2 Nxd2 19.Kxd2 Bd6 20.Qxb7 cxd5 21.Qxd5 Nb6
22.Qe4+ Kf8 23.h4 Rb8 24.Rhf1 Qe7 25.Qg4 g6 26.Rc6 Kg7 27.b3 Rhe8 28.e4 Red8
29.h5 Be5 30.d5 Rd6 31.Rfc1 Rxc6 { ...0-1, Ftacnik Lubomir 2533 - Milov Vadim
2683 , Istanbul 2003 Ch Europe } ) ( 12.cxd5 exd5 13.Bg2 Qb6 14.Nxg6 hxg6
15.O-O Qa7 16.Be1 O-O 17.Bf2 Rad8 18.Bh3 b5 19.e4 b4 20.Na4 dxe4 21.Rxc6 Nb8
22.Rc2 Rfe8 23.fxe4 Nxe4 24.Be3 Qe7 25.Bc1 Nd7 26.Bxd7 Qxd7 27.Nc5 Nxc5
28.dxc5 Bxc5+ 29.Rxc5 Qd4+ 30.Be3 Qxe3+ 31.Qxe3 Rxe3 { ...0-1, Akimov Ivan
2368 - Sapunov Evgeny 2473 , St. Petersburg 2003 Cup Russia (open) } )
12...Be7 13.Nxg6 hxg6 14.Bg2 { ?! } ( 14.Bd3 { !? } 14...Rd8 15.Ke2 Qf4 { } )
14...Rxh2 15.Rxh2 Qxg3+ 16.Kf1 Qxh2 17.Qxb7 Rb8 18.Qxc6 Nh5 { ?! } ( 18...Rxb2
{ !? } 19.Rd1 Nh5 20.Qc8+ Bd8 { } ) 19.Ne2 { ?! } ( 19.Rc2 { !? } 19...Ng3+
20.Kf2 Nf5 21.Qxa6 { } ) 19...Bh4 { ?? } ( 19...Rxb2 20.Rd1 Rxa2 21.e4 dxe4 {
} ) 20.b3 Ke7 21.Qxa6 Ng3+ 22.Nxg3 Qxg3 23.Be1 Qg5 24.Qd6+ Ke8 25.Bxh4 Qxh4
26.c6 { +9.00 CAP } {#r} 1-0

[Event "Ch Serbia & Montenegro"]
[Site "masterchessopen.com Kopaonik (Yugoslavia)"]
[Date "2005.04.08"]
[Round "7"]
[White "Antic Dejan (SRB)"]
[Black "Nadj Hedjesi Balind (SRB)"]
[Result "1-0"]
[WhiteElo "2519"]
[BlackElo "2378"]

1.d4 d5 2.c4 c6 3.Nf3 Nf6 4.e3 Bf5 5.Nc3 e6 6.Nh4 Bg6 7.Nxg6 hxg6 8.Bd2 Nbd7
9.g3 Bd6 10.b3 e5 11.cxd5 cxd5 12.Bg2 e4 13.O-O Bb4 14.Nxe4 Nxe4 15.Bxb4 Qb6
16.Be1 Qe6 17.f3 Ng5 18.h4 Nh7 19.e4 O-O-O 20.exd5 Qxd5 21.f4 Qd6 22.Qf3 {#r}
1-0

[Event "It (open)"]
[Site "masterchessopen.com Dhaka (Bangladesh)"]
[Date "2005.04.14"]
[Round "11"]
[White "Safin Shukhrat (UZB)"]
[Black "Reefat Bin-Sattar (BAN)"]
[Result "0-1"]
[WhiteElo "2445"]
[BlackElo "2484"]

1.d4 d5 2.c4 c6 3.Nf3 Nf6 4.e3 Bf5 5.Nc3 e6 6.Nh4 Be4 7.f3 Bg6 8.Qb3 Qc7 9.Bd2
Be7 10.O-O-O Nbd7 11.g3 dxc4 12.Bxc4 b5 13.Be2 a6 14.a4 O-O 15.Nxg6 hxg6 16.g4
Rfb8 17.Kb1 c5 18.axb5 axb5 19.Nxb5 Qc6 20.Bc1 Ra5 21.dxc5 Nxc5 22.Na7 Ra1+
23.Kc2 Qa8 {#R} 0-1

[Event "It (open)"]
[Site "masterchessopen.com Stockerau (Austria)"]
[Date "2005.05.05"]
[Round "2"]
[White "Shengelia Davit (AUT)"]
[Black "Schirmbeck Hannes (AUT)"]
[Result "1-0"]
[WhiteElo "2547"]
[BlackElo "2120"]

1.d4 Nf6 2.Nf3 d5 3.c4 c6 4.e3 Bf5 5.Nc3 e6 6.Nh4 Bg4 7.Qb3 Qb6 8.h3 Bh5 9.g4
Bg6 10.Nxg6 hxg6 11.Bg2 Qxb3 12.axb3 Na6 13.Ke2 Be7 14.g5 Nd7 15.e4 dxe4
16.Bxe4 O-O 17.Bxc6 bxc6 18.Rxa6 {#r} 1-0

[Event "Memorial V.Syre (open)"]
[Site "masterchessopen.com Issy Les Moulineaux (France)"]
[Date "2005.05.08"]
[Round "6"]
[White "Herard Patrick (FRA)"]
[Black "Maleki Nicolas (FRA)"]
[Result "0-1"]
[WhiteElo "2033"]
[BlackElo "2117"]

1.d4 d5 2.Nf3 Nf6 3.c4 c6 4.e3 Bf5 5.Nc3 e6 6.Bd3 Bg6 7.Ne5 Nbd7 8.Nxg6 hxg6
9.e4 dxe4 10.Nxe4 Nxe4 11.Bxe4 Rh4 12.Bf3 Nb6 13.Qb3 Qxd4 14.O-O Qxc4 15.Be3
Qxb3 16.axb3 Rb4 17.Ra3 Bd6 18.Rd1 Ke7 19.Rd3 Rb5 20.Ra1 Bc5 {#R} 0-1

[Event "Memorial Kurass"]
[Site "masterchessopen.com Kiev (Ukraine)"]
[Date "2005.06.26"]
[Round "6"]
[White "Grinev Valeriy (UKR)"]
[Black "Kernazhitsky Leonid (UKR)"]
[Result "0-1"]
[WhiteElo "2258"]
[BlackElo "2355"]

1.d4 d5 2.c4 c6 3.Nf3 Nf6 4.e3 Bf5 5.Nc3 e6 6.Be2 Nbd7 7.Nh4 Bg6 8.Nxg6 hxg6
9.Qc2 a6 10.b3 b5 11.Bb2 Qc7 12.h3 g5 13.O-O-O bxc4 14.bxc4 Rb8 15.e4 Qf4+
16.Rd2 Nxe4 17.Nxe4 dxe4 18.g3 Qxf2 19.Qxe4 Qxg3 20.d5 Nf6 21.Bxf6 gxf6
22.dxe6 Qc3+ 23.Rc2 Qa3+ 24.Kd2 Bb4+ 25.Kd1 Rd8+ {#R} 0-1

[Event "Simultan"]
[Site "masterchessopen.com Brno (Czech Republic)"]
[Date "2005.07.07"]
[Round "0"]
[White "Movsesian Sergei (SVK)"]
[Black "Chladek Vaclav (CZE)"]
[Result "1-0"]
[WhiteElo "2635"]
[BlackElo "2160"]

1.Nf3 d5 2.c4 c6 3.d4 Nf6 4.e3 Bf5 5.Qb3 Qb6 6.c5 Qc7 7.Bd3 Bxd3 8.Qxd3 Nbd7
9.Nc3 e5 10.Qc2 e4 11.Nd2 Be7 12.f3 exf3 13.Nxf3 O-O 14.Bd2 Rae8 15.O-O-O Ne4
16.Nxe4 dxe4 17.Qxe4 Bxc5 18.Qc2 Bd6 19.Kb1 Nf6 20.Rdf1 Ne4 21.Bc1 f5 22.b3
Qa5 23.Bb2 a6 {#r} 1-0

[Event "Ch SCG (team) (Liga Vojevodina)"]
[Site "masterchessopen.com Pancevo (Yugoslavia)"]
[Round "1"]
[White "Cengija Vanja (CRO)"]
[Black "Klasan Vladimir (SRB)"]
[Result "1-0"]
[WhiteElo "2232"]
[BlackElo "2175"]

1.d4 d5 2.c4 c6 3.Nf3 Nf6 4.e3 Bf5 5.Nc3 e6 6.Be2 h6 7.Qb3 Qb6 8.c5 Qc7 9.Ne5
Nfd7 10.f4 Be7 11.O-O Nxe5 12.fxe5 Nd7 13.Bf3 O-O 14.e4 Bg6 15.exd5 cxd5
16.Bf4 b6 17.Bg4 Qd8 18.Qa4 Nb8 19.b4 Bg5 20.Rac1 b5 21.Qa3 a5 {#r} 1-0

[Event "It (cat.1) (b)"]
[Site "masterchessopen.com Budapest (Hungary)"]
[Date "2005.10.11"]
[Round "11"]
[White "Galyas Miklos (HUN)"]
[Black "Hoang Tri (HUN)"]
[Result "1-0"]
[WhiteElo "2424"]
[BlackElo "2214"]

1.d4 d5 2.c4 c6 3.Nf3 Nf6 4.e3 Bf5 5.cxd5 cxd5 6.Qb3 Qb6 7.Qxb6 axb6 8.Nc3 e6
9.Bb5+ Nbd7 10.Ne5 Bb4 11.g4 Be4 12.f3 Ke7 13.Bxd7 Nxd7 14.fxe4 Nxe5 15.dxe5
Rac8 16.Bd2 Rhd8 17.Nxd5+ exd5 18.Bxb4+ Ke6 19.exd5+ Rxd5 20.Bc3 {#r} 1-0

[Event "Bundesliga 2005/06"]
[Site "masterchessopen.com Germany"]
[Date "2005.10.22"]
[Round "1"]
[White "Knaak Rainer (GER)"]
[Black "Smeets Jan (NED)"]
[Result "1-0"]
[WhiteElo "2487"]
[BlackElo "2531"]

1.d4 d5 2.c4 c6 3.Nf3 Nf6 4.e3 Bf5 5.cxd5 cxd5 6.Nc3 e6 7.Ne5 Nfd7 8.Qb3 Qc7
9.e4 dxe4 10.Nb5 Qd8 11.Nc4 Nb6 12.Bf4 Nd5 13.Nbd6+ Bxd6 14.Nxd6+ Ke7 15.Qa3
Kd7 16.Bb5+ {#r} 1-0

[Event "Bayern Regionalliga Southeast 2005/06"]
[Site "masterchessopen.com Bayern (Germany)"]
[Date "2005.11.13"]
[Round "2"]
[White "Maier Josef (AUT)"]
[Black "Gschwendtner Klaus (GER)"]
[Result "1-0"]
[WhiteElo "1854"]
[BlackElo "2122"]

1.c4 Nf6 2.Nf3 c6 3.d4 d5 4.e3 Bf5 5.Nc3 e6 6.Be2 h6 7.O-O Nbd7 8.Ne5 Bd6 9.f4
O-O 10.c5 Bxe5 11.fxe5 Ne4 12.Qe1 f6 13.Nxe4 Bxe4 14.exf6 Rxf6 15.Bd2 {#r} 1-0

[Event "Ch Ukraine (juniors) (under 18) (1/2 final)"]
[Site "masterchessopen.com Dnepropetrovsk (Ukraine)"]
[Round "4"]
[White "Meleshko Maxim (UKR)"]
[Black "Mironenko Rostislav (UKR)"]
[Result "1-0"]
[WhiteElo "2036"]
[BlackElo "2200"]

1.c4 c6 2.d4 d5 3.Nf3 Nf6 4.e3 Bf5 5.Nc3 e6 6.Be2 Bd6 7.O-O h6 8.Nd2 c5 9.dxc5
Bxc5 10.Nb3 Bb6 11.Bf3 Be4 12.Bxe4 Nxe4 13.Nxe4 dxe4 14.Qg4 O-O 15.Qxe4 Nc6
16.Bd2 Qe7 17.Bc3 Rfd8 18.Nd4 Nxd4 19.exd4 Qc7 20.c5 Ba5 21.b4 {#r} 1-0